000 00840nam a2200217Ii 4500
003 JO-AjNU
008 230605s9999||||xx |||||||||||||| ||und||
017 _a2009/14480
020 _a978-977-337-339-6
040 _aJO-AjNU
_bara
_erda
_cJO-AjNU
041 _aara
050 1 4 _aHF 5415 .K4888.2011
100 3 _a إعداد المادة العلمية :خبراء مركز الخبرات المهنية للإدارة..بميك ؛ إشراف عبد الرحمن توفيق,
_eauthor
_934112
245 0 0 _aدليل خطة التسويق=Marketing Manual
264 3 1 _aالقاهرة:مركز الخبرات المهنية للإدارة بميك؛2011
300 _a72ص
336 _atext
_btxt
_2rdacontent
337 _aunmediated
_bn
_2rdamedia
338 _avolume
_bnc
_2rdacarrier
650 4 _aادارة التسويق
_934113
999 _aA13951
_c17519
_d17519